Statistics for New York Knicks Top 10 Leaders Playoffs

Click here to take the quiz!

General Stats

  • This quiz has been taken 50 times
  • The average score is 13 of 29

Answer Stats

Answer % Correct
Patrick Ewing
97%
Greg Anthony
92%
John Starks
85%
Walt Frazier
85%
Willis Reed
79%
Mark Jackson
69%
Charles Oakley
69%
Larry Johnson
67%
Phil Jackson
67%
Allan Houston
62%
Latrell Sprewell
54%
Charles Smith
54%
Dave DeBusschere
51%
Anthony Mason
44%
Bill Bradley
41%
Herb Williams
38%
Bill Cartwright
36%
Marcus Camby
31%
Charlie Ward
28%
Tyson Chandler
28%
Dick Barnett
21%
Derek Harper
21%
Harry Gallatin
18%
Dick McGuire
18%
Kurt Thomas
13%
Chris Childs
5%
Connie Simmons
3%
Marvin Webster
0%
Nat Clifton
0%

Score Distribution

Percentile by Number Answered

Percent of People with Each Score

Your Score History

You have not taken this quiz